Obras completas [de Francisco Tario] : cuento, varia invención /

Enregistré dans:
Détails bibliographiques
Auteur principal: Tario, Francisco (autor)
Autres auteurs: Toledo, Alejandro (edición) (edición)
Format: Livre
Langue:espagnol
Publié: México : Fondo de Cultura Económica, 2015, c2015
Collection:(Letras Mexicanas) [s.n.]
Sujets:
Tags: Ajouter un tag
Pas de tags, Soyez le premier à ajouter un tag!

MARC

LEADER 00000nam^a2200000^a^4500
001 000365605
005 20250521000000.0
009 20260310115647.914
020 |a 978-607-16-2012-5 
020 |a 978-607-16-2006-4 
037 |a Acervo ITESO - Biblioteca 
041 |a ESP 
082 |a 868.  |b TAR V. 1 
100 |a Tario, Francisco  |e (autor) 
240 1 1 |a [Obras completas de Francisco Tario] 
240 1 5 |a [Una violeta de más: cuentos fantásticos] 
245 1 0 |a Obras completas [de Francisco Tario] :  |b cuento, varia invención /  |c F. Tario ; ed. y pról. de A. Toledo. 
264 4 |a México :  |b Fondo de Cultura Económica,  |c 2015, c2015 
300 |a 598 p. :  |b tapa dura 
336 |a texto  |b txt  |2 rdacontenido 
337 |a sin mediación  |b n  |2 rdamedio 
338 |a volumen  |b nc  |2 rdasoporte 
440 1 |a (Letras Mexicanas) [s.n.] 
545 0 |a Francisco Tario (Ciudad de México, 1911 – Madrid, 1977), cuyo verdadero nombre era Francisco Peláez, inició su trayectoria literaria como el misterioso autor del volumen de relatos La noche (1943), al que siguieron dentro de este mismo género La puerta en el muro (1946), Yo de amores qué sabía (1950), Breve diario de un amor perdido (1951, con dibujos de su hermano, el pintor Antonio Peláez), Tapioca Inn: mansión para fantasmas (1952) y La noche del féretro y otros cuentos de la noche (1958). Aunque reconocido principalmente como cuentista, también escribió la novela Aquí abajo (1943), el volumen de aforismos Equinoccio (1946) y Acapulco en el sueño (1951, con fotografías de Lola Alvarez Bravo). Tario, quien ejerció una variada gama de oficios que van desde el futbol profesional hasta la administración de una sala de cine, mantuvo desde 1958 un silencio literario que interrumpió sólo con la aparición de Una violeta de más: cuentos fantásticos (1968). Colaborador de Letras de México, Vidas y cuentos, Revista Mexicana de Literatura y Universidad de México, entre otras publicaciones, es también autor de una serie de obras póstumas, entre las que se cuentan El caballo asesinado y otras piezas teatrales (1988), la novela Jardín secreto (1993) y una edición, en dos tomos, de sus Cuentos completos (2004). 
649 |a XX 
650 |a Cuentos Fantásticos -  |z México 
650 |a Cuentos Mexicanos 
650 |a Aforismos Mexicanos 
650 |a Textos Breves Mexicanos 
650 |a Literatura Fantástica -  |z México 
650 |a Literatura Mexicana -  |y Siglo XX 
740 3 |a La noche /  |c F. Tario ; ed. y pról. de A. Toledo. 
740 0 |a Tapioca Inn :  |b mansión para fantasmas /  |c F. Tario ; ed. y pról. de A. Toledo. 
740 3 |a Una violeta de más :  |b cuentos fantásticos /  |c F. Tario ; ed. y pról. de A. Toledo. 
740 0 |a Varia invención /  |c F. Tario ; ed. y pról. de A. Toledo. 
700 |a Toledo, Alejandro  |e (edición) 
910 |a Fondo General 
920 |a Impresos - Libros 
930 |a Colección General 
940 |a Literatura 
905 |a 101 
901 |a 0500259610  |b IT1  |c LIT  |i C149121  |u 20250521 
902 |a https://opac.biblio.iteso.mx/vufind/Record/000365605